Statistics for Shapes of Territories and Non-Recognized States

Click here to take the quiz!

General Stats

  • This quiz has been taken 58 times
    (11 since last reset)
  • The average score is 40 of 57

Answer Stats

Answer% Correct
Greenland
100%
American Samoa
88%
Anguilla
88%
Aruba
88%
Bermuda
88%
Cayman Islands
88%
Curacao
88%
Falkland Islands
88%
Faroe Islands
88%
Gibraltar
88%
Guadeloupe
88%
Guernsey
88%
Jersey
88%
Mayotte
88%
Montserrat
88%
New Caledonia
88%
Western Sahara
88%
Abkhazia
75%
Antarctica
75%
Bonaire
75%
Christmas Island
75%
Cook Islands
75%
French Guiana
75%
French Polynesia
75%
Hong Kong
75%
Isle of Man
75%
Macau
75%
Niue
75%
Palestine
75%
Pitcairn Islands
75%
Saint Helena
75%
Saint Martin
75%
Saint Pierre and Miquelon
75%
Sint Maarten
75%
Svalbard and Jan Mayen
75%
Turkish Republic of Northern Cyprus
75%
British Virgin Islands
63%
Cocos Islands
63%
Martinique
63%
Northern Mariana Islands
63%
Pridnestrovian Moldavian Republic
63%
Reunion
63%
Saint Barthelemy
63%
Somaliland
63%
South Ossetia
63%
Tokelau
63%
Turks and Caicos Islands
63%
US Virgin Islands
63%
Wallis and Futuna
63%
Aland Islands
50%
British Indian Ocean Territory
50%
French Southern Territories
50%
Norfolk Island
50%
South Georgia and the Sandwich Islands
50%
United States Minor Outlying Islands
25%
Bouvet Island
13%
Heard Island and the McDonald Islands
13%

Score Distribution

Percentile by Number Answered

Percent of People with Each Score

Your Score History

You have not taken this quiz since the last reset